Logo BPK

Biblioteka

Politechniki Koszalińskiej

The Ark Sakura / (Rekord nr 47262)

Szczegóły MARC
000 -ETYKIETA REKORDU
podpole kontrolne o stałej długości 00638nam a2200205 i 4500
001 - NUMER KONTROLNY REKORDU
pole kontrolne bgj
020 ## - MIĘDZYNARODOWY ZNORMALIZOWANY NUMER KSIĄŻKI - ISBN
ISBN 0394558367 (hbk, jacket)
040 ## - ŹRÓDŁO KATALOGOWANIA
Instytucja, która utworzyła rekord BPK
041 1# - KOD JĘZYKA
Kod języka tekstu eng
Kod języka oryginału jep
920 ## - Międzynarodowy znormalizowany numer książki – ISBN
ISBN 0-394-55836-7 (hbk, jacket)
008 - POLE O STAŁEJ DŁUGOŚCI - DANE KONTROLNE
podpole kontrolne o stałej długości s uk f |000 0 eng
100 1# - NAZWA OSOBOWA
Nazwa osobowa ABE, Kobo
Daty związane z nazwą (1924- ).
245 13 - TYTUŁ/ODPOWIEDZIALNOŚĆ
Tytuł The Ark Sakura /
Pozostałe elementy strefy tytułu i oznaczenia odpowiedzialności Kobo Abe ; translated by Juliet Winters Carpenter.
260 ## - STREFA ADRESU WYDAWNICZEGO
Miejsce wydania New York :
Nazwa wydawcy/dystrybutora Alfred A. Knopf,
Data publikacji, dystrybucji/powstania dokumentu 1988.
300 ## - STREFA OPISU FIZYCZNEGO
Objętość 333, [3] pp ;
Rozmiary 23 cm.
500 ## - UWAGI OGÓLNE
Tekst uwagi Translation of: Hakobune Sakura Maru.
650 #9 - HASŁO PRZEDMIOTOWE W FORMIE NAZWY OGÓLNEJ LUB JEDNOSTKOWEJ
Nazwa ogólna lub geograficzna Japanese fiction
Określnik chronologiczny 20th century
700 1# - HASŁO DODATKOWE - NAZWA OSOBOWA
Nazwa osobowa CARPENTER, Juliet Winters.
Określenie związku między hasłem a opisywanym materiałem transl.
856 ## - LOKALIZACJA I DOSTĘP DO ELEKTRONICZNYCH DOKUMENTÓW ZDALNYCH
Link (URL) http://koha.tu.koszalin.pl/cgi-bin/koha/opac-detail.pl?biblionumber=47262
Tekst linku Katalog online BPK
942 ## - DODATKOWE ELEMENTY (KOHA)
Typ dokumentu Książka
Egzemplarze
Wycofany Status egzemplarza Uszkodzony Dostępność Lokalizacja stała Lokalizacja bieżąca Miejsce przechowywania Sygnatura Kod kreskowy Typ dokumentu
      Dostępny Biblioteka Politechniki Koszalińskiej Biblioteka Politechniki Koszalińskiej Wypożyczalnia Językowa KA 2642 09086326 Książka
© 2023 Biblioteka Politechniki Koszalińskiej :: KOHA